| 000 | 00566nam a22001937a 4500 | ||
|---|---|---|---|
| 999 |
_c6192 _d6192 |
||
| 003 | GBCCL | ||
| 005 | 20241126110558.0 | ||
| 008 | 180503b ||||| |||| 00| 0 eng d | ||
| 040 | _cgbc | ||
| 082 |
_a252 _bWIN |
||
| 100 |
_aWinrod, Gerald B. _911128 |
||
| 245 |
_aBrain building and soul growth: _bAnd other messages / _cGerald B. Winrod |
||
| 260 |
_aWichita: _bDefender Publishers, _c1954 |
||
| 300 |
_a70 p.; _c21 cm. |
||
| 650 |
_aApologetics _985 |
||
| 650 |
_aBible _vJob _xCriticism, Interpretation, etc. _99303 |
||
| 650 |
_aSermons _96067 |
||
| 942 |
_2ddc _cBK _01 |
||